000 00318nam a2200121 i 4500
001 bg
245 0 _aProceedings of the International Conference on Hydrodynamic Bearing-Rotor System Dynamics.
260 _aXian,
_c1990.
040 _cBPK
041 _apol
942 _cKS
008 s pl f |000 0 pol
999 _c29531
_d29531
856 _uhttp://koha.tu.koszalin.pl/cgi-bin/koha/opac-detail.pl?biblionumber=29531
_yKatalog online BPK